[Event "47th Sparkassen Open"]
[Site "Dortmund GER"]
[Date "2019.07.16"]
[Round "4.40"]
[White "Oltmanns, Jan"]
[Black "Yin, Haode"]
[Result "1-0"]
[WhiteElo "1970"]
[BlackElo "1652"]
[WhiteFideId "16251318"]
[BlackFideId "16261348"]
[EventDate "2019.07.13"]

1. Nf3 Nf6 2. g3 g6 3. b3 b6 4. Bg2 Bb7 5. O-O Bg7 6. Bb2 O-O 7. d4 d5 8. Nbd2
Nbd7 9. c4 c6 10. Qc2 Rc8 11. e4 dxe4 12. Nxe4 Nxe4 13. Qxe4 Nf6 14. Qe2 e6 15.
Rfd1 Qc7 16. a4 a6 17. a5 b5 18. Ba3 Rfe8 19. Bb4 Bf8 20. Bxf8 Rxf8 21. Qe5 Nd7
22. Qxc7 Rxc7 23. Ng5 Nf6 24. Rac1 Ra8 25. b4 Rcc8 26. cxb5 axb5 27. Ne4 Nxe4
28. Bxe4 Ra6 29. f4 Rd8 30. Kf2 Kf8 31. Ke3 Ke7 32. g4 h6 33. h4 Kf6 34. Rc5 Kg7
35. Rdc1 Rd6 36. h5 Ba8 37. g5 Bb7 38. gxh6+ Kxh6 39. hxg6 fxg6 40. Rh1+ Kg7 41.
Rg1 Rd8 42. Rxg6+ Kf7 43. Rh5 1-0

[Event "47th Sparkassen Open"]
[Site "Dortmund GER"]
[Date "2019.07.16"]
[Round "4.41"]
[White "Wolff, Christoph"]
[Black "Dippel, Olaf"]
[Result "1-0"]
[WhiteElo "2047"]
[BlackElo "1914"]
[WhiteFideId "4648706"]
[BlackFideId "4693159"]
[EventDate "2019.07.13"]

1. e4 e5 2. Nc3 Nf6 3. g3 b6 4. Bg2 Bb7 5. Nge2 d5 6. O-O d4 7. Nb5 a6 8. Na3
Bxe4 9. Bxe4 Nxe4 10. d3 Nf6 11. f4 exf4 12. Nxf4 Be7 13. Qf3 Nbd7 14. Bd2 O-O
15. Rae1 b5 16. c3 Nb6 17. Nc2 Bc5 18. Kh1 dxc3 19. bxc3 Nc4 20. Bc1 Nb6 21. d4
Be7 22. Ne3 Qd7 23. g4 h6 24. Nf5 Bd6 25. Nh5 Nxh5 26. gxh5 Kh7 27. Nxh6 gxh6
28. Qf6 Bf4 29. Rxf4 Nd5 30. Qxh6+ Kxh6 31. Rxf7+ Kxh5 32. Rxd7 Nxc3 33. Rh7+
Kg6 34. Rh6+ Kf5 35. Re5+ Kg4 36. Rg6+ Kf3 37. Re3+ Kf2 38. Rxc3 Ke2 39. Re3+
Kd1 40. Rg1+ Kc2 41. Ba3 Rf4 42. Rg2+ Kd1 43. Rd3+ 1-0

[Event "47th Sparkassen Open"]
[Site "Dortmund GER"]
[Date "2019.07.16"]
[Round "4.42"]
[White "Ahlers, Knut"]
[Black "Koellner, Aaron Noah"]
[Result "1-0"]
[WhiteElo "1854"]
[BlackElo "2044"]
[WhiteFideId "16203534"]
[BlackFideId "12993085"]
[EventDate "2019.07.13"]

1. e4 c5 2. Nf3 e6 3. d4 cxd4 4. Nxd4 Nc6 5. Be3 a6 6. c4 Bb4+ 7. Nc3 Nf6 8. f3
d5 9. Qc2 e5 10. Nxc6 bxc6 11. cxd5 O-O 12. dxc6 Be6 13. Be2 Qa5 14. Bd2 Rfc8
15. a3 Rxc6 16. Rc1 Bf8 17. O-O Bc5+ 18. Kh1 Bd4 19. Qa4 Qb6 20. b4 Nh5 21. g4
Nf6 22. g5 Nh5 23. Nd5 Bxd5 24. exd5 Rxc1 25. Rxc1 Bb2 26. Rc6 Qd4 27. Qxa6 Rf8
28. Rc8 g6 29. Rxf8+ Kxf8 30. Qd3 Qf2 31. Be3 Qh4 32. Qc4 Qh3 33. Qg4 Qxg4 34.
fxg4 Nf4 35. Bxf4 exf4 36. a4 Ke7 37. Bc4 f6 38. gxf6+ Bxf6 39. Kg2 Bd4 40. Kf3
Be3 41. Ke4 Kd6 42. a5 Bd2 43. a6 Be3 44. h4 h6 45. g5 hxg5 46. hxg5 Ke7 47. Ke5
f3 48. d6+ Kd7 49. Bb5+ Kd8 50. Kf6 f2 51. Kxg6 Kc8 52. Kf6 Bf4 53. g6 Bxd6 54.
g7 Bxb4 55. g8=Q+ Kc7 56. a7 f1=Q+ 57. Bxf1 Be7+ 58. Ke6 Kb6 59. Qb8+ Kc5 60.
a8=Q 1-0

[Event "47th Sparkassen Open"]
[Site "Dortmund GER"]
[Date "2019.07.16"]
[Round "4.43"]
[White "Beckmann, David"]
[Black "Meinschien, Finn"]
[Result "1/2-1/2"]
[WhiteElo "2016"]
[BlackElo "1908"]
[WhiteFideId "24664707"]
[BlackFideId "12989665"]
[EventDate "2019.07.13"]

1. Nf3 Nf6 2. d4 g6 3. g3 Bg7 4. Bg2 O-O 5. O-O d6 6. c4 Nc6 7. Nc3 e5 8. dxe5
Nxe5 9. Nxe5 dxe5 10. Qxd8 Rxd8 11. Bg5 Rd4 12. Bxf6 Bxf6 13. Nd5 Bd8 14. b3 c6
15. e3 Rd2 16. Nc3 Be7 17. Rfd1 Rxd1+ 18. Rxd1 Bf5 19. Be4 Bxe4 20. Nxe4 Rd8 21.
Rxd8+ Bxd8 22. Nd6 b6 23. Nc8 a6 24. Na7 c5 25. Nc6 Bc7 26. Ne7+ Kf8 27. Nd5 Bd8
28. g4 f6 29. Kg2 Kf7 30. f4 exf4 31. Nxf4 f5 32. gxf5 gxf5 33. h3 Kf6 34. Kf3
Ke5 35. Nd3+ Kf6 36. a3 Be7 37. e4 fxe4+ 38. Kxe4 Kg5 39. Kf3 Kf5 40. Ke3 Bg5+
41. Kf3 Bd2 42. Ke2 Bg5 1/2-1/2

[Event "47th Sparkassen Open"]
[Site "Dortmund GER"]
[Date "2019.07.16"]
[Round "4.44"]
[White "Artola Pola, Gerardo"]
[Black "Homfeldt, Christopher"]
[Result "1-0"]
[WhiteElo "2031"]
[BlackElo "1848"]
[WhiteFideId "150878"]
[BlackFideId "16220293"]
[EventDate "2019.07.13"]

1. e4 c5 2. g3 d5 3. exd5 Qxd5 4. Nf3 Bg4 5. Be2 Nc6 6. h3 Bf5 7. Nc3 Qd7 8. g4
Bg6 9. d3 e5 10. Nh4 O-O-O 11. Bf3 Nd4 12. Bg2 Be7 13. Nxg6 hxg6 14. Be3 f5 15.
gxf5 gxf5 16. Nd5 Nf6 17. Nxe7+ Qxe7 18. c3 Ne6 19. Qe2 f4 20. Bd2 Ng5 21. Bxf4
exf4 22. Qxe7 Rde8 23. Qxe8+ Rxe8+ 24. Kd2 f3 25. Bf1 Nge4+ 26. dxe4 Nxe4+ 27.
Kc2 Rd8 28. Bd3 1-0

[Event "47th Sparkassen Open"]
[Site "Dortmund GER"]
[Date "2019.07.16"]
[Round "4.45"]
[White "Atali, Dogukan"]
[Black "Klueting, Reiner"]
[Result "1-0"]
[WhiteElo "1734"]
[BlackElo "1973"]
[WhiteFideId "16208269"]
[BlackFideId "4644760"]
[EventDate "2019.07.13"]

1. e4 Nf6 2. e5 Nd5 3. d4 d6 4. c4 Nb6 5. exd6 exd6 6. Nc3 Nc6 7. h3 Be7 8. Nf3
Bf5 9. Bd3 Qd7 10. Be3 Nb4 11. Bxf5 Qxf5 12. O-O O-O 13. b3 c6 14. Qd2 Qc2 15.
Rad1 Qxd2 16. Rxd2 d5 17. c5 Nd7 18. a3 Na6 19. Bf4 Rac8 20. Re1 Bf6 21. b4 Nc7
22. Nd1 Ne6 23. Bd6 Rfd8 24. Ne3 Ng5 25. Nxg5 Bxg5 26. f4 Bh4 27. Ree2 g6 28.
Ng4 h5 29. Nh2 Re8 30. g4 Rxe2 31. Rxe2 Bf6 32. Nf3 hxg4 33. hxg4 Nf8 34. g5 Bg7
35. Re7 b5 36. Ne5 Bxe5 37. Bxe5 a5 38. bxa5 Ra8 39. Rc7 1-0

[Event "47th Sparkassen Open"]
[Site "Dortmund GER"]
[Date "2019.07.16"]
[Round "4.46"]
[White "Barskij, Aleksandr"]
[Black "Manthei, Michael"]
[Result "1-0"]
[WhiteElo "1941"]
[BlackElo "1935"]
[WhiteFideId "4697251"]
[BlackFideId "24605824"]
[EventDate "2019.07.13"]

1. e4 c5 2. Nc3 Nc6 3. Bb5 g6 4. Bxc6 dxc6 5. f4 Bg7 6. Nf3 b5 7. d3 b4 8. Ne2
a5 9. O-O Ba6 10. Rb1 c4 11. d4 Nf6 12. Ng3 O-O 13. c3 h5 14. Qe2 Qb6 15. Bd2
Rfb8 16. Kh1 Rb7 17. f5 bxc3 18. Bxc3 Bh6 19. fxg6 fxg6 20. Nh4 Kh7 21. e5 Nd5
22. Qe4 Rg8 23. Rf7+ 1-0

[Event "47th Sparkassen Open"]
[Site "Dortmund GER"]
[Date "2019.07.16"]
[Round "4.18"]
[White "Schriewer, Thomas"]
[Black "Webb, Laurence E"]
[Result "0-1"]
[BlackTitle "FM"]
[WhiteElo "2004"]
[BlackElo "2327"]
[WhiteFideId "24606049"]
[BlackFideId "402389"]
[EventDate "2019.07.13"]

1. d4 Nf6 2. Nf3 c5 3. e3 d5 4. c4 cxd4 5. exd4 g6 6. Nc3 Bg7 7. Qb3 O-O 8. cxd5
Nbd7 9. d6 exd6 10. Be2 Nb6 11. O-O Be6 12. Qd1 Nfd5 13. Bd2 Rc8 14. Nxd5 Bxd5
15. Ba5 Qd7 16. b3 Qf5 17. Bxb6 axb6 18. Rc1 Bh6 19. Rxc8 Rxc8 20. Qd3 Be4 21.
Qb5 Rc2 22. Qxf5 Bxf5 23. Bc4 Rxa2 24. Re1 Kf8 25. h3 Bd7 26. Re2 Ra1+ 27. Re1
Rxe1+ 28. Nxe1 b5 29. Bd3 Ke7 30. Nc2 Be6 31. Bxb5 Bxb3 32. Nb4 Ke6 33. Kf1 Bd2
34. Nd3 Kd5 35. Ke2 Bh6 36. Be8 Kxd4 0-1

[Event "47th Sparkassen Open"]
[Site "Dortmund GER"]
[Date "2019.07.17"]
[Round "5.1"]
[White "Bagrationi, Alexander"]
[Black "Kartsev, Soel"]
[Result "1-0"]
[WhiteTitle "GM"]
[WhiteElo "2505"]
[BlackElo "2217"]
[WhiteFideId "14104954"]
[BlackFideId "4130561"]
[EventDate "2019.07.13"]

1. e4 e5 2. Nf3 Nf6 3. d4 Nxe4 4. Bd3 d5 5. dxe5 Nc6 6. Nbd2 Bg4 7. h3 Bh5 8.
Be2 Bc5 9. O-O O-O 10. c4 Ng3 11. Nb3 Nxe2+ 12. Qxe2 Nd4 13. Nbxd4 Bxd4 14. g4
Bxg4 15. hxg4 dxc4 16. Rd1 c5 17. Be3 Re8 18. Bxd4 cxd4 19. Rxd4 Qb6 20. Rxc4
Rad8 21. b3 Re6 22. Rd1 Rde8 23. Rd7 Rg6 24. Qe4 h5 25. g5 Qe6 26. Rd6 Qxd6 27.
exd6 Rxe4 28. Rxe4 Rxd6 29. Re8+ Kh7 30. Re7 Ra6 31. Rxf7 Kg6 32. Rxb7 Rxa2 33.
Rb5 a5 34. Nh4+ Kf7 35. Rb7+ Ke6 36. Rxg7 a4 37. bxa4 Rxa4 38. Rg6+ Ke5 39. Nf3+
Kf5 40. Rf6+ Kg4 41. g6 Kh3 42. Ng5+ Kh4 43. f4 1-0

[Event "47th Sparkassen Open"]
[Site "Dortmund GER"]
[Date "2019.07.17"]
[Round "5.2"]
[White "Hausrath, Daniel"]
[Black "Andersen, Gunnar"]
[Result "1-0"]
[WhiteTitle "GM"]
[WhiteElo "2468"]
[BlackElo "2166"]
[WhiteFideId "4617495"]
[BlackFideId "30920795"]
[EventDate "2019.07.13"]

1. d4 Nf6 2. c4 g6 3. Nc3 Bg7 4. e4 d6 5. h3 O-O 6. Be3 c5 7. Nf3 cxd4 8. Nxd4
Nc6 9. Be2 Nd7 10. O-O Nc5 11. Rb1 a6 12. b4 Nxd4 13. Bxd4 Bxd4 14. Qxd4 e5 15.
Qe3 Ne6 16. Nd5 Nd4 17. c5 Be6 18. Nb6 Rb8 19. Bc4 dxc5 20. bxc5 Bxc4 21. Nxc4
Qe7 22. Nb6 f5 23. exf5 Nxf5 24. Qg3 Rbd8 25. Rfd1 Nd4 26. Re1 Qxc5 27. Qxe5 Qc2
28. Nd5 Qxf2+ 29. Kh1 Nc6 30. Qe6+ Qf7 31. Rxb7 Qxe6 32. Rxe6 Na5 33. Ne7+ Kf7
34. Rbb6 Rfe8 35. Rf6+ Kxe7 36. Rbe6+ Kd7 37. Rxa6 Nb7 38. Ra7 Rb8 39. a4 Re6
40. Rf4 Rb6 41. Rf7+ Kc6 42. a5 Rb1+ 43. Kh2 Nc5 44. Rxh7 Re1 45. Rag7 Rbb1 46.
Rxg6+ Kd5 47. Rh5+ Kd4 48. Rd6+ Kc4 49. Rc6 Rh1+ 50. Kg3 Rb3+ 51. Kg4 Rb5 52. a6
Rd1 53. a7 Ra1 54. Rc7 Ra4 55. Kg3 Kd4 56. Kh2 Ra1 57. Rh8 Rba5 58. Rd8+ Ke5 59.
a8=Q Rxa8 60. Rxc5+ Kf6 61. Rd6+ Ke7 62. Rb6 R8a7 63. Rf5 Re1 64. h4 Raa1 65. h5
Rh1+ 66. Kg3 Ra3+ 67. Kg4 Ra4+ 68. Kg5 Rhh4 69. Re5+ Kd7 70. Rg6 Rag4+ 71. Kh6
Rc4 72. Ra5 Kc7 73. Ra7+ Kb8 74. Rf7 1-0

[Event "47th Sparkassen Open"]
[Site "Dortmund GER"]
[Date "2019.07.17"]
[Round "5.3"]
[White "Arold, Gerhard"]
[Black "Jugelt, Tobias"]
[Result "1-0"]
[BlackTitle "IM"]
[WhiteElo "2045"]
[BlackElo "2403"]
[WhiteFideId "24664120"]
[BlackFideId "4626150"]
[EventDate "2019.07.13"]

1. d4 Nf6 2. Bf4 d6 3. e3 Nbd7 4. Nf3 g6 5. Be2 Bg7 6. h3 O-O 7. O-O c5 8. c3 b6
9. Nbd2 Bb7 10. a4 a6 11. Bh2 Ra7 12. Re1 Qa8 13. Bd3 e5 14. e4 d5 15. exd5 exd4
16. c4 b5 17. b3 Nb6 18. Ne4 Nxe4 19. Rxe4 Nxd5 20. cxd5 Bxd5 21. Re1 c4 22.
axb5 axb5 23. Rxa7 Qxa7 24. Be4 Bxe4 25. Rxe4 Rc8 26. Qe2 d3 27. Qe1 Qa8 28.
bxc4 bxc4 29. Bf4 c3 30. Re7 Rd8 31. Rxf7 Re8 32. Rxg7+ Kxg7 33. Qxc3+ Kg8 34.
Qc4+ Kg7 35. Qxd3 Qa4 36. Qc3+ Kg8 37. g3 Qe4 38. Bh6 Qe7 39. Qc4+ Qf7 40. Qxf7+
Kxf7 41. Kg2 Re7 42. Be3 Rb7 43. g4 Ke6 44. Kg3 Rd7 45. Kh4 Kf6 46. Bd4+ Ke6 47.
Kg5 Kd5 48. Bf6 Ke4 49. Ne5 Rb7 50. f3+ Ke3 51. Kh6 Kf4 52. h4 Rb6 53. g5 Rb7
54. Bg7 Kg3 55. Kxh7 Kxh4 56. Kxg6 Rxg7+ 57. Kxg7 Kxg5 58. Nd3 1-0

[Event "47th Sparkassen Open"]
[Site "Dortmund GER"]
[Date "2019.07.17"]
[Round "5.4"]
[White "Prueske, Wolfgang"]
[Black "Michalczak, Thomas"]
[Result "0-1"]
[BlackTitle "FM"]
[WhiteElo "1961"]
[BlackElo "2239"]
[WhiteFideId "4667271"]
[BlackFideId "4622634"]
[EventDate "2019.07.13"]

1. e4 e5 2. Nf3 Nc6 3. d4 exd4 4. Nxd4 Nf6 5. Nxc6 bxc6 6. Qe2 Rb8 7. g3 d5 8.
exd5+ Be7 9. d6 cxd6 10. Bg2 O-O 11. O-O d5 12. Nc3 Re8 13. Qd2 Bf5 14. Re1 Qd7
15. a3 h6 16. b4 Bh3 17. Bf3 Qf5 18. Qd1 Bxb4 19. Bd2 Ba5 20. Rxe8+ Rxe8 21. Rb1
d4 22. Bxc6 dxc3 23. Bxe8 Qd5 0-1

[Event "47th Sparkassen Open"]
[Site "Dortmund GER"]
[Date "2019.07.17"]
[Round "5.5"]
[White "Bock, Juergen"]
[Black "Kashlinskaya, Alina"]
[Result "0-1"]
[BlackTitle "IM"]
[WhiteElo "2268"]
[BlackElo "2492"]
[WhiteFideId "4619129"]
[BlackFideId "4198026"]
[EventDate "2019.07.13"]

1. c4 e5 2. g3 c6 3. d4 e4 4. Bg2 d5 5. Nc3 Nf6 6. cxd5 cxd5 7. Bg5 Bb4 8. Nh3
Nbd7 9. Rc1 O-O 10. O-O Bxc3 11. Rxc3 h6 12. Bf4 Nb8 13. Bc7 Qe7 14. Bxb8 Rxb8
15. Qb3 Qd6 16. Rfc1 Bf5 17. e3 g5 18. Kh1 Kg7 19. Ng1 h5 20. Qa3 Qe6 21. Rc7 h4
22. Re7 Qb6 23. Re5 Kg6 24. Bh3 g4 25. Bf1 hxg3 26. fxg3 Rbc8 27. b3 Rxc1 28.
Qxc1 Nd7 29. Rxd5 Be6 30. Rb5 Qd8 31. Ne2 Nb6 32. Nf4+ Kg7 33. Qc5 Rh8 34. Qe5+
Qf6 35. Nh5+ Rxh5 36. Qxf6+ Kxf6 37. Rxh5 Nd5 38. Rxd5 Bxd5 39. h4 gxh3 40. Bxh3
b5 41. Kg1 a5 42. Bf1 b4 43. Bb5 Kg5 44. Kg2 Kg4 45. Bd7+ Kg5 46. Kf2 Bb7 47.
Ke2 Bd5 48. Kd2 Kh5 49. Kc2 Kg5 50. Kb2 Kh5 51. a3 Kg5 52. axb4 axb4 53. Bb5 Kg4
54. Bc4 Be6 55. Kc2 Kxg3 56. d5 Bd7 57. Ba6 f5 58. Be2 Kf2 59. Kd2 Be8 60. Bc4
f4 61. exf4 e3+ 0-1

[Event "47th Sparkassen Open"]
[Site "Dortmund GER"]
[Date "2019.07.17"]
[Round "5.6"]
[White "Maes, Wim"]
[Black "Schleining, Zoya"]
[Result "1/2-1/2"]
[WhiteTitle "FM"]
[BlackTitle "IM"]
[WhiteElo "2185"]
[BlackElo "2339"]
[WhiteFideId "201073"]
[BlackFideId "4671660"]
[EventDate "2019.07.13"]

1. Nf3 d5 2. g3 Nd7 3. Bg2 e5 4. d3 Ngf6 5. O-O c6 6. Nbd2 Bd6 7. e4 O-O 8. Re1
Re8 9. b3 dxe4 10. dxe4 Qc7 11. Bb2 a5 12. Nc4 Bb4 13. Nfd2 Nf8 14. Qe2 b6 15.
a3 Bc5 16. c3 Ng4 17. Rf1 b5 18. Ne3 Nxe3 19. fxe3 Be6 20. b4 Bb6 21. Rfe1 axb4
22. cxb4 f6 23. Rac1 Red8 24. Bf1 Rd6 25. Qf2 Qd7 26. Nf3 Ng6 27. Rc2 Rd8 28.
Bc1 Qa7 29. Rc3 Ne7 30. Nd2 Qd7 31. Nb3 Bxb3 32. Rxb3 Rd1 33. Rc3 Kf8 34. Rxd1
Qxd1 35. Qe2 Qxe2 36. Bxe2 Ke8 37. Kf2 Kd7 38. Rd3+ Kc7 39. Rxd8 Kxd8 40. Bd3
Nc8 41. Ke2 Nd6 42. Bc2 Kc7 43. Kd3 Ba7 44. Bb3 Bb6 45. Bd2 Kd7 46. Ba2 Ke7 47.
Bb3 Nf7 48. Ke2 Ng5 49. Bc2 Kd7 50. Bc3 Bd8 51. Bd2 Be7 52. Bc3 Nf7 53. Bb3 Nd6
54. Kd3 Bf8 55. Ba2 Nb7 56. Bg8 h6 57. Bb3 c5 58. Bd5 c4+ 59. Ke2 Nd6 60. Kd2
Be7 61. Ke2 Bd8 62. Kd2 Bb6 63. Ke2 Ba7 64. Kd2 Kc7 65. Ke2 Kb6 66. Kd2 Ka6 67.
Ke2 Nc8 68. Be6 Nb6 69. Bf7 Na4 70. Ba1 Bb8 71. Be6 Bd6 72. Bf7 Be7 73. Be6 Nb6
74. Bc3 Kb7 75. Bf7 Kc6 76. Be8+ Nd7 77. Bf7 Nb6 1/2-1/2

[Event "47th Sparkassen Open"]
[Site "Dortmund GER"]
[Date "2019.07.17"]
[Round "5.7"]
[White "Stillger, Bernhard"]
[Black "Chittka, Julius"]
[Result "1/2-1/2"]
[WhiteTitle "FM"]
[WhiteElo "2199"]
[BlackElo "2319"]
[WhiteFideId "4610768"]
[BlackFideId "12954772"]
[EventDate "2019.07.13"]

1. d4 Nf6 2. c4 g6 3. Nc3 d5 4. Nf3 Bg7 5. cxd5 Nxd5 6. e4 Nxc3 7. bxc3 c5 8.
Be3 Bg4 9. Rc1 Qa5 10. Qd2 O-O 11. Be2 Nd7 12. h3 Bxf3 13. Bxf3 Rac8 14. d5 c4
15. O-O Nc5 16. Bxc5 Qxc5 17. Qf4 Qa3 18. e5 f6 19. e6 Rfd8 20. Rc2 b5 21. Rb1
Rb8 22. h4 Qd6 23. Qe3 a5 24. h5 Rdc8 25. hxg6 hxg6 26. g3 b4 27. cxb4 axb4 28.
Kg2 Rc5 29. Qe4 f5 30. Qh4 Rxd5 31. Qxc4 Rd4 32. Qc7 Be5 33. Qxd6 Bxd6 34. a3 b3
35. Rcb2 Rd3 36. Be2 Rc3 37. Bd1 Bxa3 38. Rxb3 Rcxb3 39. Rxb3 Ra8 40. g4 Kg7 41.
gxf5 gxf5 1/2-1/2

[Event "47th Sparkassen Open"]
[Site "Dortmund GER"]
[Date "2019.07.17"]
[Round "5.8"]
[White "Hourigan, Gerrit"]
[Black "Quast, Marcel"]
[Result "1-0"]
[WhiteElo "2037"]
[BlackElo "2248"]
[WhiteFideId "16204174"]
[BlackFideId "24663476"]
[EventDate "2019.07.13"]

1. e4 e5 2. Nf3 d6 3. d4 exd4 4. Nxd4 Nf6 5. Nc3 Be7 6. Bf4 O-O 7. Qd2 d5 8.
Ndb5 c6 9. Nc7 d4 10. O-O-O Nh5 11. Qxd4 Nxf4 12. Qxd8 Bxd8 13. Nxa8 Ne6 14. a4
b6 15. Bc4 Bb7 16. Nxb6 axb6 17. f3 Bg5+ 18. Kb1 Rd8 19. Rxd8+ Bxd8 20. Rd1 Bc7
21. g3 Kf8 22. f4 Ke7 23. b4 Na6 24. Na2 f6 25. c3 g5 26. f5 Ng7 27. Kb2 h5 28.
Nc1 Nb8 29. Ne2 Nd7 30. Bb3 Be5 31. Kc2 Ne8 32. Kd3 Nd6 33. Ke3 c5 34. Bd5 Bc8
35. Rb1 Ba6 36. b5 Bc8 37. c4 Nb7 38. Kd3 Na5 39. Nc1 Bd4 40. Nb3 Ne5+ 41. Ke2
Bc3 42. Nxa5 Bxa5 43. Rc1 Bd7 44. h3 Be8 45. Ke3 Kd6 46. Ke2 Kc7 47. Ke3 Bb4 48.
Ke2 Kd6 49. Ke3 g4 50. hxg4 Nxg4+ 51. Kf3 Ne5+ 52. Ke3 Ke7 53. Be6 Ba3 54. Rc2
Kf8 55. Kf4 Kg7 56. Ke3 Kh6 57. Kf2 Bb4 58. Kg2 Nd3 59. Kh3 Kg5 60. Ra2 Ba5 61.
Re2 h4 62. Re3 Ne5 63. gxh4+ Kf4 64. Rg3 Bh5 65. Rg8 Kf3 66. Bd5 Be1 67. Rg7 Kf4
68. Rg8 Bg4+ 69. Kg2 Bf3+ 70. Kh3 Ng4 71. e5 Nxe5 72. Bxf3 Nxf3 73. h5 Ng5+ 74.
Kg2 Kxf5 75. h6 Bc3 76. Rg7 Ke4 77. h7 Nxh7 78. Rxh7 f5 79. Rb7 Ba5 80. Ra7 Bc3
81. Ra6 Kd4 82. Rxb6 Kxc4 83. Ra6 Kb4 84. b6 Be5 85. b7 c4 86. Kf3 c3 87. Ke2
Bb8 88. Kd3 Kb3 89. Rb6+ Kxa4 90. Kxc3 Ka5 91. Re6 Bg3 92. Re8 Ka6 93. b8=Q 1-0

[Event "47th Sparkassen Open"]
[Site "Dortmund GER"]
[Date "2019.07.17"]
[Round "5.10"]
[White "Webb, Laurence E"]
[Black "Mueller, Frank3"]
[Result "1-0"]
[WhiteTitle "FM"]
[WhiteElo "2327"]
[BlackElo "2092"]
[WhiteFideId "402389"]
[BlackFideId "24681318"]
[EventDate "2019.07.13"]

1. d4 Nf6 2. c4 g6 3. Nc3 d5 4. Nf3 Bg7 5. Bg5 Ne4 6. cxd5 Nxg5 7. Nxg5 e6 8.
Qd2 exd5 9. Qe3+ Kf8 10. Qf4 Bf6 11. Nf3 Kg7 12. e3 Be6 13. Bd3 c5 14. O-O Nc6
15. dxc5 Qa5 16. Nd4 Rhe8 17. Ncb5 Re7 18. a3 Ne5 19. Be2 Nc4 20. b4 Qd8 21.
Bxc4 dxc4 22. Nxe6+ Rxe6 23. Rad1 1-0

[Event "47th Sparkassen Open"]
[Site "Dortmund GER"]
[Date "2019.07.17"]
[Round "5.11"]
[White "Conrad, Joachim"]
[Black "Luft, Dennis"]
[Result "0-1"]
[WhiteElo "2068"]
[BlackElo "2294"]
[WhiteFideId "24623083"]
[BlackFideId "24623717"]
[EventDate "2019.07.13"]

1. d4 Nf6 2. Nf3 d5 3. e3 c5 4. Be2 Nc6 5. b3 cxd4 6. exd4 e6 7. O-O Be7 8. Bb2
O-O 9. Nbd2 Qb6 10. c4 Rd8 11. c5 Qc7 12. Qc2 b6 13. Ba3 bxc5 14. Rfc1 c4 15.
Bxe7 Nxe7 16. bxc4 dxc4 17. Bxc4 Rb8 18. Nb3 Bb7 19. Qe2 Qf4 20. Qe3 Qg4 21. h3
Qh5 22. Be2 Nf5 23. Qf4 Qg6 24. Rc5 Nd5 25. Qe5 Nb4 26. Rc3 Bd5 27. Qc7 h6 28.
Qf4 Rbc8 29. Rc5 Kh7 30. Rxc8 Rxc8 31. Rc1 Bxf3 32. Bxf3 Nd3 0-1

[Event "47th Sparkassen Open"]
[Site "Dortmund GER"]
[Date "2019.07.17"]
[Round "5.12"]
[White "Wagner, Alexej"]
[Black "Strathoff, Martin"]
[Result "1-0"]
[WhiteElo "2277"]
[BlackElo "2102"]
[WhiteFideId "4129555"]
[BlackFideId "24609560"]
[EventDate "2019.07.13"]

1. d4 d5 2. c4 e6 3. Nc3 Nf6 4. cxd5 exd5 5. Bg5 Be7 6. e3 c6 7. Bd3 Nbd7 8. Qc2
O-O 9. Nf3 Re8 10. O-O h6 11. Bh4 Ne4 12. Bxe7 Qxe7 13. b4 Qxb4 14. Nxe4 dxe4
15. Bxe4 Qe7 16. Bh7+ Kh8 17. Bd3 Nf6 18. a4 Nd5 19. Qd2 a5 20. Ne5 Kg8 21. Rfc1
Be6 22. Bc4 Ra7 23. Rab1 Rd8 24. Nd3 Bf5 25. Bxd5 Rxd5 26. Rb3 Qg5 27. Nf4 Be4
28. Kh1 Rf5 29. f3 Bd5 30. Rbb1 Qf6 31. Rc5 g5 32. Nh5 Qg6 33. e4 Bxe4 34. fxe4
Rxc5 35. dxc5 Qxh5 36. Qd8+ Kg7 37. Qb8 Ra6 38. Qxb7 Qe2 39. e5 Kg6 40. Qe7 Qc4
41. h3 Kf5 42. Qf6+ Ke4 43. Re1+ Kd3 44. Qf1+ 1-0

[Event "47th Sparkassen Open"]
[Site "Dortmund GER"]
[Date "2019.07.17"]
[Round "5.13"]
[White "Guenther, Patrick"]
[Black "Dorst, Johannes"]
[Result "1/2-1/2"]
[BlackTitle "FM"]
[WhiteElo "2055"]
[BlackElo "2234"]
[WhiteFideId "24618357"]
[BlackFideId "4650433"]
[EventDate "2019.07.13"]

1. e4 c5 2. Nf3 d6 3. d4 cxd4 4. Nxd4 Nf6 5. Nc3 a6 6. g3 e5 7. Nb3 Be7 8. Bg2
O-O 9. a4 Be6 10. O-O Nbd7 11. Re1 Rc8 12. Nd2 Rxc3 13. bxc3 Qc7 14. c4 Nb8 15.
Bf1 Rc8 16. Bd3 Ng4 17. Qe2 h5 18. a5 Nd7 19. Nf1 Bxc4 20. Bxc4 Qxc4 21. Qxc4
Rxc4 22. f3 Ngf6 23. Ne3 Rc5 24. c4 Bd8 25. Bd2 Rc6 26. Kf1 Nc5 27. Reb1 Nfd7
28. Nd5 Nf8 29. Be3 Nfe6 30. Bxc5 Nxc5 31. Ra2 Kf8 32. Ke2 Ke8 33. Ke3 Kd7 34.
Nb4 Rc7 35. f4 Kc8 36. f5 Nd7 37. Kd3 Nc5+ 38. Ke3 1/2-1/2

[Event "47th Sparkassen Open"]
[Site "Dortmund GER"]
[Date "2019.07.17"]
[Round "5.14"]
[White "Hartikainen, Markku"]
[Black "Koschetzki, Christian"]
[Result "1-0"]
[WhiteTitle "FM"]
[WhiteElo "2237"]
[BlackElo "1987"]
[WhiteFideId "501417"]
[BlackFideId "24691658"]
[EventDate "2019.07.13"]

1. e4 c5 2. Nf3 e6 3. c3 Nf6 4. e5 Nd5 5. d4 cxd4 6. cxd4 d6 7. Bc4 Nb6 8. Bb3
Nc6 9. Qe2 dxe5 10. dxe5 Be7 11. O-O Bd7 12. Nc3 g5 13. Rd1 g4 14. Nd4 Nxd4 15.
Rxd4 h5 16. Bf4 Kf8 17. Rad1 Qe8 18. Ne4 Bc6 19. Nf6 Bxf6 20. exf6 Bd5 21. Bd6+
Kg8 22. Rxg4+ 1-0

[Event "47th Sparkassen Open"]
[Site "Dortmund GER"]
[Date "2019.07.17"]
[Round "5.15"]
[White "Farokhi, Keyvan"]
[Black "Humburg, Philipp"]
[Result "0-1"]
[WhiteElo "1946"]
[BlackElo "2244"]
[WhiteFideId "12998630"]
[BlackFideId "24656151"]
[EventDate "2019.07.13"]

1. e4 c5 2. Nf3 e6 3. d4 cxd4 4. Nxd4 Nc6 5. Nc3 Qc7 6. Be2 a6 7. O-O Nf6 8. Be3
Bb4 9. f3 Bxc3 10. bxc3 d5 11. Nxc6 Qxc6 12. e5 Nd7 13. Qd4 O-O 14. f4 f6 15. c4
dxc4 16. Bxc4 b5 17. Be2 fxe5 18. fxe5 Bb7 19. Bf3 Qc7 20. Bxb7 Qxb7 21. Qd6 Qd5
22. Qxd5 exd5 23. e6 Nf6 24. Bd4 Ne4 25. a4 Rxf1+ 26. Kxf1 b4 27. a5 Rc8 28. Ra4
Rc4 29. e7 Kf7 30. Bxg7 Kxe7 31. c3 b3 32. Rb4 Rxb4 33. cxb4 Nf6 0-1